| 000 | 01143nam a2200241Ia 4500 | ||
|---|---|---|---|
| 003 | Ost | ||
| 005 | 20260507075412.0 | ||
| 008 | 260507s9999||||xx |||||||||||||| ||und|| | ||
| 020 | _a73093299579 | ||
| 040 | _cfsecg | ||
| 041 | _aara | ||
| 082 | _a330 | ||
| 100 |
_aالزبيدي، عبد الباسط جاسم _eمؤلف |
||
| 245 | 0 |
_aوعاء ضريبة الدخل في التشريع الضريبي : _bالتباين في الأنظمة الضريبية القائمة في الدول العربية- دراسة مقارنة / _c عبد الباسط جاسم الزبيدي |
|
| 260 |
_aعمان: _bدار الحامد للنشر والتوزيع, _c2008 |
||
| 300 |
_a415 صفحة؛ _bإيضاحات ؛ _c25 سم |
||
| 504 | _aالمصادر ص.390 | ||
| 520 | _aيضم ماهية وعاء ضريبة الدخل، الدراسة النظرية لوعاء ضريبة الدخل، الدراسة العملية لوعاء ضريبة الدخل | ||
| 653 | _aالضرائب- قوانين وتشريعات | ||
| 653 | _aضرائب الدخل | ||
| 653 | _aضرائب الدخل- البلدان العربية | ||
| 942 | _cكتاب | ||
| 999 |
_c44427 _d44427 |
||